Poesía popular gallega : (Registro nro. 135389)

Detalles MARC
000 -LEADER
campo de control de longitud fija 01270nam a2200301 i 4500
001 - NÚMERO DE CONTROL
campo de control 135389
003 - IDENTIFICADOR DE NÚMERO DE CONTROL
campo de control SpMaBN
005 - FECHA Y HORA DE LA ÚLTIMA TRANSACCIÓN
campo de control 20250730063130.0
008 - DATOS DE LONGITUD FIJA--INFORMACIÓN GENERAL
campo de control de longitud fija 980722s1997 sp bgp |||| | spa d
017 ## - NÚMERO DE COPYRIGHT O DE DEPÓSITO LEGAL
Número de copyright o de depósito legal PO 14-1998
020 ## - NÚMERO INTERNACIONAL ESTÁNDAR DEL LIBRO
Número Internacional Estándar del Libro 84-87819-99-0
080 ## - NÚMERO DE LA CLASIFICACIÓN DECIMAL UNIVERSAL
Número de la Clasificación Decimal Universal 821.134.4-192(082.2)
080 ## - NÚMERO DE LA CLASIFICACIÓN DECIMAL UNIVERSAL
Número de la Clasificación Decimal Universal 398.8(460.11)(082.2)
245 00 - MENCIÓN DEL TÍTULO
Título Poesía popular gallega :
Resto del título colección de romances, baladas y canciones recogidos de la tradición oral /
Mención de responsabilidad, etc. Víctor Said Armesto ; con introducción y notas críticas del autor ; [prólogo por Domingo García Sabell].
260 ## - PUBLICACIÓN, DISTRIBUCIÓN, ETC.
Lugar de publicación, distribución, etc. [Pontevedra] :
Nombre del editor, distribuidor, etc. Fundación Pedro Barrié de la Maza,
Fecha de publicación, distribución, etc. 1997
300 ## - DESCRIPCIÓN FÍSICA
Extensión 354 páginas, [1] hoja de mapa :
Otras características físicas música ;
Dimensiones 24 cm
546 ## - NOTA DE IDIOMA
Nota de lengua/lenguaje Textos en castellano y gallego.
650 #7 - PUNTO DE ACCESO ADICIONAL DE MATERIA--TÉRMINO DE MATERIA
Término de materia o nombre geográfico como elemento de entrada Poesías populares-
Subdivisión geográfica Galicia.
9 (RLIN) 166233
650 #7 - PUNTO DE ACCESO ADICIONAL DE MATERIA--TÉRMINO DE MATERIA
Término de materia o nombre geográfico como elemento de entrada Romances-
Subdivisión geográfica Galicia.
9 (RLIN) 166234
655 #7 - TERMINO DE INDIZACIÓN--GENERO/FORMA
Datos o término principal de género/forma Poesías
Fuente del término tgfbne
9 (RLIN) 176539
700 1# - ENTRADA AGREGADA--NOMBRE PERSONAL
Nombre de persona Said Armesto, Víctor,
Fechas asociadas al nombre 1871-1914
9 (RLIN) 101488
Término indicativo de función/relación Editor literario
700 1# - ENTRADA AGREGADA--NOMBRE PERSONAL
Nombre de persona García-Sabell, Domingo,
Fechas asociadas al nombre 1909-2003
Término indicativo de función/relación Autor de introducción
9 (RLIN) 55245
710 2# - ENTRADA AGREGADA--NOMBRE DE ENTIDAD CORPORATIVA
Nombre de entidad corporativa o nombre de jurisdicción como elemento de entrada Fundación Pedro Barrié de la Maza, Conde de Fenosa
Término indicativo de función/relación Editor
9 (RLIN) 176439
852 ## - LOCALIZACIÓN
Ubicación ES-MaACL
Sublocalización o colección R.151655
Ubicación en estantería Depósito 1
Signatura antigua Olim: N-7328
Número de control de estantería A-14328
itemnumber 140290
942 ## - ELEMENTOS DE ENTRADA SECUNDARIOS (KOHA)
Fuente del sistema de clasificación o colocación Clasificación decimal universal
Tipo de ítem Koha Libro impreso
Suprimir en OPAC No
Existencias
Estatus retirado Estado de pérdida Fuente del sistema de clasificación o colocación Estado de daño No para préstamo Biblioteca de origen Biblioteca actual Ubicación en estantería Fecha de adquisición Fuente de adquisición Total de préstamos Signatura topográfica completa Código de barras Visto por última vez Tipo de ítem Koha
    Clasificación decimal universal     Biblioteca del Ateneo de Madrid Biblioteca del Ateneo de Madrid Depósito 1 13/02/2019 Donación   A-14328 1199901 23/02/2023 Libro impreso